000 00716nam a22001577a 4500
003 OSt
005 20230313171213.0
008 151112b xxu||||| |||| 00| 0 eng d
040 _cRUA
082 _aFOR
_2BUN 2008 B135 Or.1
100 _93625
_aBUN, CHAMROEUN.
245 _aVegetative propagation on ochna integerrima at forestry research study nursery royal university of agriculture, ការផលិតរុក្ខជាតិអង្គាសីលដោយកាត់មែកផ្សាំនៅស្ថានីយ៍សិក្សាស្រាវជ្រាវព្រៃឈើនៃស.វ.ភ.ក
260 _aPhnom Penh
_bRUA
_c2008
300 _axiii; 76p.
_bill.
_c29cm.
942 _2ddc
_cFOR
999 _c3376
_d3376